000
00219 a2200097 4500
001
14058
100
_a
Gravelegy G
245
_a
Six prose comedies of molier
260
_a
London
_b
Oxford univ
_c
090
_c
11012
_d
11012
942
_a
NUST-CAE
_c
M
_c
1129
999
_c
249131
_d
249131